| Tag |
First Indicator |
Second Indicator |
Subfields |
| LEADER |
00000cam a2200000 a 4500 |
| 001 |
in00001404943 |
| 005 |
20151020064055.0 |
| 008 |
840716s1968 txub b s000 0 eng d |
| 035 |
|
|
|a (OCoLC)10955855
|
| 035 |
|
|
|9 AHP4451AM
|
| 040 |
|
|
|a TWT
|c TWT
|d TXA
|d UtOrBLW
|
| 049 |
|
|
|a TXAO
|
| 086 |
|
|
|a Z TA245.7 M681 NO.884
|2 txdocs
|
| 100 |
1 |
|
|a Kilpatrick, R. A.
|
| 245 |
1 |
0 |
|a Factors affecting black point of wheat in Texas, 1964-67 /
|c R. A. Kilpatrick.
|
| 264 |
|
1 |
|a College Station, Tex. :
|b Texas Agricultural Experiment Station,
|c 1968.
|
| 300 |
|
|
|a 11 pages :
|b maps ;
|c 28 cm.
|
| 336 |
|
|
|a text
|b txt
|2 rdacontent
|
| 337 |
|
|
|a unmediated
|b n
|2 rdamedia
|
| 338 |
|
|
|a volume
|b nc
|2 rdacarrier
|
| 490 |
1 |
|
|a MP ;
|v 884
|
| 500 |
|
|
|a "July 1968"
|
| 504 |
|
|
|a Bibliography : page 10.
|
| 650 |
|
0 |
|a Wheat
|x Diseases and pests.
|
| 710 |
2 |
|
|a Texas Agricultural Experiment Station.
|
| 830 |
|
0 |
|a MP ;
|v 884.
|
| 999 |
|
|
|a MARS
|
| 999 |
f |
f |
|s e49d1c85-d71f-3499-9d59-daeed5b4c0aa
|i 1bfb8c7f-f7de-3e85-9f21-e8a753364546
|t 0
|
| 952 |
f |
f |
|p normal
|a Texas A&M University
|b College Station
|c Sterling C. Evans Library
|d Evans: Texas Documents (Annex 5th floor)
|t 0
|e Z TA245.7 M681 NO.856-895
|h Superintendent of Documents classification
|i unmediated -- volume
|k no.856-895
|l -1968:Sept
|m A14816097282
|
| 952 |
f |
f |
|a Texas A&M University
|b College Station
|c Sterling C. Evans Library
|d Evans: Texas Documents (Annex 5th floor)
|t 0
|e Z TA245.7 M681 NO.856-895
|h Superintendent of Documents classification
|
| 998 |
f |
f |
|a Z TA245.7 M681 NO.856-895
|s no.856-858,860-863,865-868,870-873,876-880,882-885,887-890,893-895
|t 0
|l Evans: Texas Documents (Annex 5th floor)
|